| 000 | 00990nam a2200265 a 4500 | ||
|---|---|---|---|
| 001 | BRCA_3837 | ||
| 005 | 20190320204437.0 | ||
| 008 | 111209s1951----mx-a######---#000-0#spa-# | ||
| 041 | _aspa | ||
| 044 | _amx | ||
| 050 | 4 |
_aNA4232 _b.R74 1951 |
|
| 100 | 1 |
_aRojas Garcidueñas, José _d1912-1981. _99991 |
|
| 245 | 1 | 0 |
_aEl Antiguo Colegio de San Ildefonso _cJosé Rojas Garcidueñas. |
| 260 |
_aMéxico _bUNAM, Instituto de Investigaciones Estéticas _c1951 |
||
| 300 |
_a85 p. _bil., 40 láminas _c20 cm. _e1 plano plegable |
||
| 440 | 0 |
_aEdiciones del iv Centenario de la Universidad de México _v3 _99992 |
|
| 500 | _aB182 | ||
| 504 | _aBibliografía : p. 81-85. | ||
| 610 | 2 | 4 |
_aEscuela Nacional Preparatoria (Ciudad de México) _99993 |
| 610 | 2 | 4 |
_aColegio de San Ildefonso (Ciudad de México) _99994 |
| 650 | 1 | 4 |
_aArquitectura _eMéxico. _95213 |
| 710 | 2 |
_aUniversidad Nacional Autónoma de México _bInstituto de Investigaciones Estéticas. _99995 |
|
| 902 | _aGFM | ||
| 942 |
_2lcc _cB |
||
| 999 |
_c3565 _d3565 |
||